000 00542nam a2200217Ia 4500
003 OSt
005 20220928140600.0
006 a|||||r|||| 00| 0
007 ta
008 220927b |||||||| |||| 00| 0 eng d
024 _a9610
037 _cTextual
040 _aSDCL
_cSDCL
_beng
041 _2eng
_aeng
082 _aO-,3L75:g, L5
100 _aWeinsheimer Joel Ed.
_9496045
245 0 _aJane Austen today.
260 _c1975
942 _hO-,3L75:g, L5
_cTEXL
_2CC
999 _c812304
_d812304